000 00711nam a2200241Ia 4500
005 20260121112834.0
008 9204 260114s9999 xx 000 0 eng d
020 _a9789812794598
037 _aEBOOK
040 _aCRL
_beng
_cCRL
041 _aeng
_2eng
084 _qCRL
100 _aGraffi S & Martinez A
_9964031
245 0 _aLong Time Behaviour of Classical and Quantum Systems - Proceedings of the Bologna Aptex International Conference
260 _bWorld Scientific
260 _bWSPC
260 _c2001
650 _aMathematics
_9964032
856 _uhttps://www.worldscientific.com/worldscibooks/10.1142/4640#t=toc
942 _cEBOOK
999 _c1546504
_d1546504